000 01002nam a22002771 4500
001 7542
003 BD-RjUL
005 20211208234433.0
008 140115s1985 enk 001 0 eng d
020 _a071210660X
035 _a(BD-RjUL)7586
040 _aBD-RjUL
_beng
_cBD-RjUL
041 _aeng
082 _221
_a418.007041
_bLIB 1985
100 1 _aListon, David J.
_q(David Joel),
_d1914-
_923526
245 1 0 _aBusiness studies, languages and overseas trade :
_ba study of activities in education and training /
_cDavid Liston and Nigel Reeves
260 _aInstitute of export :
_bLondon ;
_aPlymouth :
_bMacdonald & Evans,
_cc1985
300 _ax, 189 p ;
_c24 cm
504 _aIncludes index.
650 0 _aLanguages, Modern
_xStudy and teaching
_zGreat Britain
_923527
650 0 _aExecutives
_zGreat Britain
_xLanguage
_923528
651 0 _aGreat Britain
_xCommerce
_923529
700 1 _aReeves, Nigel,
_d1939-
_923530
710 2 _aInstitute of Export (London, England)
_923531
942 _2ddc
_cBK
999 _c7542
_d7542